000 00724nam a22001577a 4500
003 OSt
005 20150920110649.0
008 150920b xxu||||| |||| 00| 0 eng d
040 _cRUA
082 _aAGR THO 2008 B037 Or.1
100 _9924
_aTHOEUNG, LEANGSRENG.
245 _athe level of farmer's adoption of techniques of ecological system of rice intensification in samraongtong, kampongspeu province (កំរិតទទួលយករបស់កសិករតាមបច្ចេកទេសប្រព័ន្ធថម្មជាតិ នៅស្រុកសំរោងទង ខេត្តកំពង់ស្ពឺ)
260 _aPhnom Penh
_bRUA
_c2008
300 _a55p.
_bill.
_c29cm.
942 _2ddc
_cAGR
999 _c891
_d891